000 07952cam a22005774i 4500
003 PE-LiUPU
005 20250731183350.0
008 150320s1981 sp a rb 000 0 spa d
020 _a9788492970803
_q(tomo 1)
020 _a9788492970810
_q(tomo 2)
035 _a(Sirsi) i9788492970803
040 _aPE-LiUPU
_bspa
_cPE-LiUPU
_erda
082 0 4 _a721
_bA71
_220
100 1 _aArgüelles Álvarez, Ramón,
_eautor.
245 1 0 _aCálculo de estructuras /
_cRamón Argüelles Álvarez.
250 _a1° edición 1981
264 1 _aMadrid :
_bBellisco,
_c1981.
300 _a2 Tomos :
_bilustraciones ;
_c24 centímetros
336 _atext
_2rdacontent
337 _aunmediated
_2rdamedia
338 _avolume
_2rdacarrier
504 _aBibliografía al final de cada tomo.
505 0 _aTomo I,
_tCálculo de estructuras.
_aIdeas generales sobre la elasticidad y el calculo de estructurales -- Caracteristicas elasticas de los principales materiales estructurales -- Ley de Hooke y coeficiente de Poisson -- Fuerzas, tensiones y deformaciones -- Hipotesis basicas y complementarias de la elasticidad -- Objetivos de la teoria de la elasticidad y de la resistencia de materiales -- Tensiones y deformaciones -- Estados de tensiones de los cuerpos elasticos -- Recorridos y deformaciones de los cuerpos elasticos -- Relaciones entre tensiones y deformaciones -- Elasticidad plana -- Principios fundamentales y elasticidad plana -- Principios fundamentales -- Problemas de elasticidad plana -- Teoremas sobre el trabajo de la deformación -- Energia potencial de deformación -- Teoremas -- Aplicaciones de los teoremas energeticos a las piezas prismaticas -- Clasificación y enlace de las estructuras -- Introducción -- Apoyos y enlaces -- Isostatismo e hiperestatismo de los sistemas de barras -- Fuerzas de sección y tensiones en las piezas prismaticas -- Fuerzas de sección -- Evaluación de las tensiones en las piezas prismaticas -- Piezas de pared delgada: tensiones tangenciales provocadas por los esfuerzos cortantes y centro de esfuerzos cortantes -- Tensiones normales y tangenciales debidas a la torsion no uniforme -- Determinación de las fuerzas de sección en las vigas isostaticas -- Introducción -- Viga articulada en un extremo y libremente apoyada en el otro -- Voladizos -- Viga isostatica con los extremos volados -- Estudio de las fuerzas de seccion provocadas por trenes moviles de cargas -- Deformaciones de las vigas -- Introducción -- Traslaciones angulares -- Ecuación diferencial de la elastica -- Teoremas de Mohr y aplicaciones -- Deformaciones y tensiones debidas a la torsion -- Vigas hiperestaticas de un solo vano -- Piezas con cargas contenidas en su plano medio -- Piezas torsionadas -- Piezas prismaticas de directriz curva -- Arcos -- Anillos -- Resortes -- SIstemas planos de barras de nudos rigidos -- Vigas continuas -- SIstemas de barras de nudos rigidos -- Desplazamientos de los nudos en los sistemas de barras -- leyes de esfuerzos -- Ejemplos -- El metodo de Cross -- Generalidades -- Estructuras sin desplazamiento de nudos y momento de inercia constante -- Estructuras sin desplazamiento de nudos y momento de inercia variable -- Estructuras con nudos desplazables -- Compensación simultanea de fuerzas horizontales y momentos -- Sistemas de barras articuladas -- Sistemas articulados planos -- Sistemas articulados espaciales -- Cálculo matricial de los sistemas de barras -- Generalidades -- Algebra de matrices -- Resolución de sistemas de ecuaciones lineales -- Vectores -- Metodo de la rigidez -- Complementos para el calculo matricial -- Ejemplos -- Lineas de influencia -- Generalidades -- Sistemas isostaticos -- Sistemas hiperestaticos.
505 0 _aTomo II,
_tCálculo de estructiras.
_aIntroducción al calculo plastico -- Introducción -- La flexión en el campo elastoplastico -- La rotula plastica -- Piezas hiperestaticas de un solo vano -- Estudio general de sistemas hiperestaticos -- Métodos para la determinación de la carga limite en estructuras de pequeño grado de hiperestaticidad -- Metodos generales para la determinacion de la carga limite -- Otras consideraciones para el dimensionamiento de las secciones -- teoria general -- Metodos de calculo exactos -- Procedimientos numericos y aproximados -- Otras clases de placas y superficies de influencia -- Calculo en rotura -- Introducción al metodo de los elentos finitos -- Discretización de sistemas continuos -- Matrices de rigidez de los elementos finitos -- Programacion -- Aplicaciones -- Otros elementos y estructuras -- Pandeo y estabilidad -- Pandeo de columnas -- Procedimientos de calculo aproximados -- Barras simultaneamente comprimidas y cargadas transversalemnte -- Pandeo de porticos -- Pandeo de anillos y arcos -- Pandeo por flexion y torsion -- Pandeo lateral de vigas -- Pandeo de placas -- PAntallas -- Introduccion -- Calculo de pantallas planas -- Colaboraciones porticos - pantallas -- Nucleos -- Calculo dinamico -- Introducción -- Sistemas de un solo grado de libertad -- Sistemas discretos de varios grados de libertad -- SIstemas continuos -- Consideraciones sobre el impacto en los puentes -- Movimientos sismicos y respuestas estructurales.
526 _aP158
526 _aP146
526 _aP17
526 _aP12
526 _aP06
541 _g044-0022573;
541 _g0020-0000889;
541 _gF002-00000136;
650 0 4 _aEstructuras
_xDiseño.
650 0 7 _aEstructuras (Construcción)
_xCálculo
_2embne
910 _ajck
_b
_cebj
_d20160713
910 _adbm
_bjpc
_cjpc
_d20180705
942 _2ddc
_cBOOK
949 _a721 A71 1
_wDEWEY
_c1
_i72702
_d2016-8-12
_e2016-8-10
_lCCODEBUL1
_mBUL
_n1
_p45.00
_r0
_sY
_tBOOK
_u2016-4-14
_xINGENIERIA
_PP25
_0COMPRA
_o.STAFF. Colección General
949 _a721 A71 1
_wDEWEY
_c2
_i74047
_lCCODEBUL1
_mBUL
_p69.05
_r0
_sY
_tBOOK
_u2016-7-15
_xINGENIERIA
_PP25
_0COMPRA
_o.STAFF. Colección General
949 _a721 A71 2
_wDEWEY
_c1
_i72703
_lCCODEBUL1
_mBUL
_p45.00
_r0
_sY
_tBOOK
_u2016-4-14
_xINGENIERIA
_PP25
_0COMPRA
_o.STAFF. Colección General
949 _a721 A71 2
_wDEWEY
_c2
_i74048
_lCCODEBUL1
_mBUL
_p69.05
_r0
_sY
_tBOOK
_u2016-7-15
_xINGENIERIA
_PP25
_0COMPRA
_o.STAFF. Colección General
596 _a1
999 _a721 A71 1
_wDEWEY
_c11130
_i72702
_d11130
_e2017-8-13
_f2021-11-9
_g6
_lCCODEBUL1
_mBUL
_n3
_p45.00
_q2
_r0
_sY
_tBOOK
_u2016-4-14
_xINGENIERIA
_PP25
_0COMPRA
_o.STAFF. Colección General
999 _a721 A71 1
_wDEWEY
_c2
_i74047
_d2018-7-24
_e2018-5-17
_f2021-11-9
_g7
_lCCODEBUL1
_mBUL
_n3
_p69.05
_q2
_r0
_sY
_tBOOK
_u2016-7-15
_xINGENIERIA
_PP25
_0COMPRA
_o.STAFF. Colección General
999 _a721 A71 1
_wDEWEY
_c3
_i78844
_f2021-11-9
_g4
_lCCODEBUL1
_mBUL
_p71.00
_r0
_sY
_tBOOK
_u2018-7-5
_xINGENIERIA
_PP25
_0COMPRA
_1FCOMPRA
_o.STAFF. Colección Ingeniería y Arquitectura
999 _a721 A71 1
_wDEWEY
_c4
_i78845
_d2018-8-15
_f2021-11-9
_g4
_lCCODEBUL1
_mBUL
_p71.00
_q2
_r0
_sY
_tBOOK
_u2018-7-5
_xINGENIERIA
_PP25
_0COMPRA
_1FCOMPRA
_o.STAFF. Colección Ingeniería y Arquitectura
999 _a721 A71 2
_wDEWEY
_c1
_i72703
_d2018-5-2
_e2018-4-26
_f2021-11-9
_g7
_lCCODEBUL1
_mBUL
_n1
_p45.00
_r0
_sY
_tBOOK
_u2016-4-14
_xINGENIERIA
_PP25
_0COMPRA
_o.STAFF. Colección General
999 _a721 A71 2
_wDEWEY
_c2
_i74048
_d2018-9-11
_f2021-11-9
_g7
_lCCODEBUL1
_mBUL
_p69.05
_q1
_r0
_sY
_tBOOK
_u2016-7-15
_xINGENIERIA
_PP25
_0COMPRA
_o.STAFF. Colección General
999 _a721 A71 2
_wDEWEY
_c3
_i78846
_f2021-11-9
_g4
_lCCODEBUL1
_mBUL
_p71.00
_r0
_sY
_tBOOK
_u2018-7-5
_xINGENIERIA
_PP25
_0COMPRA
_1FCOMPRA
_o.STAFF. Colección Ingeniería y Arquitectura
999 _a721 A71 2
_wDEWEY
_c4
_i78847
_f2021-11-9
_g4
_lCCODEBUL1
_mBUL
_p71.00
_r0
_sY
_tBOOK
_u2018-7-5
_xINGENIERIA
_PP25
_0COMPRA
_1FCOMPRA
_o.STAFF. Colección Ingeniería y Arquitectura
980 _81
_gALBERTO SANCHEZ Responsable de Automatización